Statistiques concernant Harry Potter- A

Cliquez ici pour prendre le quiz!

Statistiques générales

  • Ce quiz a été pris 87 fois
  • Le résultat moyen est 17 sur 25

Statistiques - réponses

DéfinitionsRéponses% Correct
Directeur de PoudlardAlbus Dumbledore
99%
Cracmol et
consierge de Poudlard
Argus Rusard
89%
Prison des sorciersAzkaban
89%
Matière de Poudlard
Constituant à observer
le mouvement des planètes
Astronomie
85%
L'un d'eux, faisant partie de l'ordre du Phénix,
Il fût enfermé dans une malle
par le fils de barty croupton
Alastor maugrey
84%
Sorcier pouvant se transformer en animalAnimagus
84%
Sa sœurAriana Dumbledore
83%
Sortillège de déverrouillageAlohomora
81%
Nom donné par Hagrid
Au spécimen qu'il a élevé
Aragog
81%
Son frèreAbelforth Dumbledore
80%
Travail au ministère,
Fût nommé directeur
du département des détournements
Des objets moldus
Arthur Weasley
77%
" club " créé par Harry Potter
pour apprendre à se défendre
contre les forces du Mal
Armée
De
Dumbledore
71%
Membre de l'ordre du Phénix, mère de NeuvilleAlice Londubat
69%
Capitaine de l'équipe de quidditch de Gryffondor
Lors de la 5ème année de Harry Potter
Angelina Johnson
68%
Personne qui travaille au ministère
chargé de chassé les mangemorts
Auror
65%
Mère de nymphadoraAndromeda Tonks
60%
Mention en dessous d'effort exceptionnelAcceptable
59%
Araignée géanteAcromentule
57%
Une de ses amisAlicia Spinnet
53%
Cracmol faisant partie
de l'ordre du Phénix
Arabella Figg
51%
Puissant philtre d'amourAmortentia
43%
L'un des trois frères du conteAntioche Peverell
43%
Ancien directeur de PoudlardArmando Dippet
43%
Sortillège d'eauAquamenti
40%
MangemortAntonin Dolohov
33%

Distribution des résultats

Percentile par nombre de réponses

% des personnes avec chaque résultat

Votre développement - résultats

Vous n’avez pas pris ce quiz